Comunidades de regantes (Record no. 96205)

MARC details
000 -LEADER
campo de control de longitud fija 00514nam a2200157 i 4500
001 - NÚMERO DE CONTROL
campo de control 96205
003 - IDENTIFICADOR DE NÚMERO DE CONTROL
campo de control ES-MaACL
005 - FECHA Y HORA DE LA ÚLTIMA TRANSACCIÓN
campo de control 20230906181851.0
008 - DATOS DE LONGITUD FIJA--INFORMACIÓN GENERAL
campo de control de longitud fija 050613s1969 sp |||| | spa d
100 1# - ENTRADA PRINCIPAL--NOMBRE DE PERSONA
Nombre de persona Maestre Rosa, Julio.
9 (RLIN) 75402
245 10 - MENCIÓN DEL TÍTULO
Título Comunidades de regantes
Resto del título : concepto, naturaleza jurídica y regulación positiva /
Mención de responsabilidad, etc. Julio Maestre Rosa.
260 ## - PUBLICACIÓN, DISTRIBUCIÓN, ETC.
Lugar de publicación, distribución, etc. Barcelona :
Nombre del editor, distribuidor, etc. Bosch,
Fecha de publicación, distribución, etc. 1969.
300 ## - DESCRIPCIÓN FÍSICA
Extensión 269 p. ;
Dimensiones 19 cm.
650 #4 - PUNTO DE ACCESO ADICIONAL DE MATERIA--TÉRMINO DE MATERIA
Término de materia o nombre geográfico como elemento de entrada Comunidades de regantes-
Subdivisión geográfica España.
9 (RLIN) 170868
852 ## - LOCALIZACIÓN
Ubicación ES-MaACL
Número de control de estantería C-51624
Holdings
Estatus retirado Estado de pérdida Estado de daño No para préstamo Biblioteca de origen Biblioteca actual Ubicación en estantería Fecha de adquisición Fuente de adquisición Total de préstamos Signatura topográfica completa Código de barras Visto por última vez Precio de reemplazo Tipo de ítem Koha
        Biblioteca del Ateneo de Madrid Biblioteca del Ateneo de Madrid Depósito 2 17/01/2008     C-51624 1100445 23/02/2023 23/02/2023 Libro impreso